000 00581nam a2200193Ia 4500
005 20250508152333.0
008 008 250505s9999 xx 000 0 eng d
037 _aTextual
040 _aFEDL
_beng
_cFEDL
041 _aeng
_2eng
084 _a150.195, MUN
_qFEDL
100 _aMunroe Ruth L
245 0 _aSchools of psychoanalytic thought: An exposition, Critique and attempt at integration
260 _aNew York, USA
_bThe Dryden Press
_c1955
300 _axvi,669p.
650 _aPsychology
942 _cTEXL
_h150.195, MUN
999 _c1335783
_d1335783